000 00815nam a22002537a 4500
001 8330
003 FISKH
005 20250909114251.0
008 250909b cb ||||| |||| 00| 0 eng d
040 _aFISKH
_beng
_cFISKH
_dFISKH
050 _aPZ7
100 _aAdler, Irving
245 _aShadows /
_cBy Iving and Ruth Adler
260 _aNew York :
_bThe John Day Company ,
_c1961.
300 _a48 pages :
_bcolor illustrations ;
_c21 cm .
490 _aThe reason Why Series
505 _aM
520 _aA simple explanation of what shadows are, how and when they exist, and what they tell us about the size and shape of objects around us
521 8 _a550
_bLexile estimate
521 8 _aM
_bRaz-Plus
700 _aAdler, Ruth
_eIllustrator
942 _2ddc
_cBK
_n0
999 _c8330
_d8330